[Event "TUR-chT 2nd League"]
[Site "Konya"]
[Date "2017.07.20"]
[Round "5.8"]
[White "Ozdemir, Ibrahim"]
[Black "Ozkurt, Kutay"]
[Result "1/2-1/2"]
[WhiteElo "1524"]
[BlackElo "1712"]
[PlyCount "156"]
[EventDate "2017.07.17"]
[EventType "team-swiss"]
[EventRounds "9"]
[EventCountry "TUR"]
[SourceTitle "CBM 179 Extra"]
[Source "ChessBase"]
[SourceDate "2017.08.23"]
[SourceVersion "1"]
[SourceVersionDate "2017.08.23"]
[SourceQuality "1"]
[WhiteTeam "Gaziante Seviye"]
[BlackTeam "Bursa Nida"]
[WhiteTeamCountry "TUR"]
[BlackTeamCountry "TUR"]

1. d4 Nf6 2. g3 d5 3. Bg2 Bf5 4. Nd2 e6 5. Ngf3 c5 6. 0-0 Nc6 7. dxc5 Bxc5 8. c3 0-0 9. Nb3 Bd6 10. Nbd4 Bg6 11. Qa4 Qd7 12. Nxc6 bxc6 13. b3 Ne4 14. Bb2 f5 15. c4 Bh5 16. cxd5 exd5 17. Nd4 Rac8 18. f3 Nc5 19. Qa5 Ne6 20. Nxe6 Qxe6 21. Qxa7 Rf7 22. Qa6 f4 23. g4 Bg6 24. Rac1 Qe8 25. Bd4 h5 26. Bh3 hxg4 27. Bxg4 Bf5 28. Bxf5 Rxf5 29. Kh1 Be5 30. Qd3 Rh5 31. Rg1 Rc7 32. Rg2 Rf7 33. Qg6 Re7 34. Qxe8+ Rxe8 35. Bxe5 Rhxe5 36. Rxc6 Rxe2 37. Rc2 Re1+ 38. Rg1 R1e3 39. Rf1 d4 40. Rd2 d3 41. Kg2 Rc8 42. Rff2 Kf7 43. h4 Kg6 44. Kh3 Kf5 45. Rd1 Rc6 46. Rg1 Rg6 47. Rxg6 Kxg6 48. Kg4 Re2 49. Rf1 Rxa2 50. Rd1 d2 51. Kxf4 Rb2 52. Kg4 Kh6 53. f4 Kg6 54. b4 Rxb4 55. Rxd2 Rb6 56. Rd5 Rb1 57. Rd6+ Kh7 58. f5 Rg1+ 59. Kh5 Rf1 60. Rd5 Rf2 61. Ra5 Rf1 62. Kg5 Rg1+ 63. Kf4 Rf1+ 64. Ke5 Re1+ 65. Kd5 Rf1 66. Ke6 Rf4 67. Ra3 Rg4 68. Kf7 Rf4 69. Ke6 Re4+ 70. Kf7 Rf4 71. Ra5 Rxh4 72. Ra2 Rh5 73. Rf2 Rh6 74. Rf1 Rh5 75. Rf2 Rh6 76. Rf3 Rh5 77. Rf1 Rh6 78. Rf4 Rh5 1/2-1/2

[Event "TUR-chT 2nd League"]
[Site "Konya"]
[Date "2017.07.17"]
[Round "1.10"]
[White "Ozkurt, Kutay"]
[Black "Erdogan, Yunus Emre"]
[Result "1-0"]
[WhiteElo "1712"]
[BlackElo "1700"]
[PlyCount "48"]
[EventDate "2017.07.17"]
[EventType "team-swiss"]
[EventRounds "9"]
[EventCountry "TUR"]
[SourceTitle "CBM 179 Extra"]
[Source "ChessBase"]
[SourceDate "2017.08.23"]
[SourceVersion "1"]
[SourceVersionDate "2017.08.23"]
[SourceQuality "1"]
[WhiteTeam "Bursa Nida"]
[BlackTeam "Denizli Ihtisas"]
[WhiteTeamCountry "TUR"]
[BlackTeamCountry "TUR"]

1. e4 c6 2. d4 d5 3. exd5 cxd5 4. Nf3 Bf5 5. Bf4 Nf6 6. Bb5+ Nbd7 7. Nc3 g6 8. Be5 Be4 9. Bxf6 exf6 10. Qe2 Bb4 11. Nd2 Bxc3 12. bxc3 0-0 13. Nxe4 dxe4 14. 0-0 f5 15. Bxd7 Qxd7 16. f3 Rfe8 17. fxe4 Rxe4 18. Qd2 Rae8 19. Rae1 Qd5 20. Rxe4 fxe4 21. Rd1 f5 22. Qe2 Rc8 23. Qe3 Qxa2 24. d5 Qxc2 1-0